000 00660nam a2200217Ii 4500
003 JO-AjNU
008 230606s9999||||xx |||||||||||||| ||und||
020 _a0-442-30615-6
040 _aJO-AjNU
_beng
_erda
_cJO-AjNU
041 _aeng
050 1 4 _aHF5681.I48.L44 1985
100 3 _aLee, T.A,
_eauthor
_93319
245 0 0 _aIncome and Value Measurement: Theory and Practice
250 _a3 ed
264 3 1 _aWokingham: Van Nostrand Reinhold(UK) Co,1985
300 _a185p
_b Includes indexes(p181-185)
336 _atext
_btxt
_2rdacontent
337 _aunmediated
_bn
_2rdamedia
338 _avolume
_bnc
_2rdacarrier
650 4 _aIncome Accounting
_93320
999 _aE1735
_c1735
_d1735